书目信息 |
| 题名: |
电气设备安装、使用与维修问答
|
|
| 作者: | 周治鹏 编 | |
| 分册: | ||
| 出版信息: | 北京 机械工业出版社 2000.12 |
|
| 页数: | 647页 | |
| 开本: | 32开 | |
| 丛书名: | ||
| 单 册: | ||
| 中图分类: | TM-44 | |
| 科图分类: | ||
| 主题词: | 电工技术 | |
| 电子资源: | ||
| ISBN: | 7-111-08230-3 | |
| 000 | 00584nam0 2200193 45 | |
| 001 | 0206121579 | |
| 005 | 20020612152012.4 | |
| 010 | @a7-111-08230-3@d34.00元 | |
| 100 | @a20020612d2000 km y0chiy0120 ea | |
| 101 | 0 | @achi |
| 105 | @a z 000yy | |
| 200 | 1 | @a电气设备安装、使用与维修问答@ADian Qi She Bei An Zhuang、Shi Yong Yu Wei Xiu Wen Da@f周治鹏编@FZhou Zhi Peng Bian |
| 210 | @a北京@c机械工业出版社@d2000.12 | |
| 215 | @a647页@d32开 | |
| 606 | 0 | @a电工技术 |
| 690 | @aTM-44@v3 | |
| 701 | 0 | @a周治鹏@4编 |
| 801 | @aCN@bPftUser@c20020612 | |
| 905 | @aBZT@b340313-315@dTM-44@e1@f3 | |
| 电气设备安装、使用与维修问答/周治鹏编.-北京:机械工业出版社,2000.12 |
| 647页;32开 |
| ISBN 7-111-08230-3:34.00元 |
| ● |
| 相关链接 |
|
|
|
正题名:电气设备安装、使用与维修问答
索取号:TM-44/1
 
预约/预借
| 序号 | 登录号 | 条形码 | 馆藏地/架位号 | 状态 | 备注 |
| 1 | 340313 | 201165657 | 中心书库中库/ 中库029架B面2列4层31/ [索取号:TM-44/1] | 在馆 | |
| 2 | 340314 | 201165666 | 中心书库中库/ 中库029架B面2列4层30/ [索取号:TM-44/1] | 在馆 | |
| 3 | 340315 | 201165675 | 中心书库中库/ 中库029架B面2列4层32/ [索取号:TM-44/1] | 在馆 |